书目信息 |
| 题名: |
现代分子生物学导论
|
|
| 作者: | 李振刚, 著 | |
| 分册: | ||
| 出版信息: | 天津 天津科学技术出版社 2003.05 |
|
| 页数: | 179页 | |
| 开本: | 26cm | |
| 丛书名: | ||
| 单 册: | ||
| 中图分类: | Q7 | |
| 科图分类: | ||
| 主题词: | 分子生物学 | |
| 电子资源: | ||
| ISBN: | 7-5308-3349-9 | |
| 000 | 00811nam0 2200241 450 | |
| 001 | 0120040064 | |
| 005 | 20050925150346.60 | |
| 010 | @a7-5308-3349-9@dCNY22.00 | |
| 100 | @a20040131d2003 km y0chiy0120 ea | |
| 101 | 0 | @achi |
| 102 | @aCN@b120000 | |
| 105 | @aa a 001yy | |
| 200 | 1 | @a现代分子生物学导论@AXian Dai Fen Zi Sheng Wu Xue Dao Lun@f李振刚著@FLi Zhen Gang Zhu |
| 210 | @a天津@c天津科学技术出版社@d2003.05 | |
| 215 | @a179页@c图@d26cm | |
| 314 | @a李振刚,中国科学技术大学教授、博士生导师。 | |
| 320 | @a有书目和索引。 | |
| 330 | @a本书包括分子生物学的现状与未来,分子生物学的局限性,现代生物学展望,蛋白质遗传,密码遗传与后成遗传等内容。 | |
| 606 | 0 | @a分子生物学 |
| 690 | @aQ7@v4 | |
| 701 | 0 | @a李振刚,@Ali zhen gang,@f1935-@4著 |
| 801 | 0 | @aCN@bQSSK@c20050925 |
| 905 | @a10447@dQ7@eL331 | |
| 现代分子生物学导论/李振刚著.-天津:天津科学技术出版社,2003.05 |
| 179页:图;26cm |
| ISBN 7-5308-3349-9:CNY22.00 |
| 本书包括分子生物学的现状与未来,分子生物学的局限性,现代生物学展望,蛋白质遗传,密码遗传与后成遗传等内容。 |
| ● |
| 相关链接 |
|
|
|
正题名:现代分子生物学导论
索取号:Q7/L331
 
预约/预借
| 序号 | 登录号 | 条形码 | 馆藏地/架位号 | 状态 | 备注 |
| 1 | 571543 | 205715430 | 自科库401/401自科库 30排3列4层/ [索取号:Q7/L331] | 在馆 | |
| 2 | 571544 | 205715449 | 自科库401/401自科库 30排3列4层/ [索取号:Q7/L331] | 在馆 | |
| 3 | 571545 | 205715458 | 自科库401/401自科库 30排3列4层/ [索取号:Q7/L331] | 在馆 |